000 00669nam a2200229Ia 4500
003 OSt
005 20220923220944.0
006 a|||||r|||| 00| 0
007 ta
008 220922b |||||||| |||| 00| 0 hin d
024 _a192,691
037 _cTextual
040 _aARTS
_cARTS
_bhin
041 _2hin
_ahin
082 _aU8:58:N4, 152H9.1;1-.2;1
100 _aसांकृत्यायन, राहुल
245 0 _aसोवियत भूमि
246 _aSoviyat bhūmi
260 _c1949
942 _hU8:58:N4, 152H9.1;1-.2;1
_cTEXL
_2CC
999 _c345263
_d345263